000 00589nam a22001817a 4500
003 OSt
005 20140310182217.0
008 130907t xxu||||| |||| 00| 0 eng d
050 _aTX 724.5
_b.M875 1996
082 _aHS 641.593
_bM83 1996
100 _aMorris, Sallie
_917140
245 _aTaste of Indonesia :
_bover 70 aromatic dishes from the spice is lands of Bali, Java,Sumatra and Madura /
_cSallie Morris.
260 _aLondon :
_bLorenz Books,
_c1996.
300 _a96 p. ;
_bill. col. ;
_c28 cm.
650 _aCookery,Indonesian
_917141
942 _2lcc
_cHS
999 _c10633
_d10633